Introducción a Lukács /

Guardado en:
Detalles Bibliográficos
Autor principal: Bedeschi, Giusepi (autor)
Formato: Libro
Idioma:Español
Colección:(Teoría/Editorial Siglo XXI)
Temas:
Etiquetas: Agrega una etiqueta
Sin etiquetas, Sé el primero en etiquetar este registro!

MARC

LEADER 00000nam^a2200000^a^4500
001 000071080
005 20250523000000.0
009 20260310091505.195
037 |a Acervo ITESO - Biblioteca 
041 |a ESP 
082 |a 701. 172  |b BED 
100 |a Bedeschi, Giusepi  |e (autor) 
245 1 0 |a Introducción a Lukács /  |c G. Bedeschi ; tr. por Néstor Míguez. 
264 |a Buenos Aires, Argentina :  |b Siglo XXI,  |c 1974 
300 |a 175 p. 
336 |a texto  |b txt  |2 rdacontenido 
337 |a sin mediación  |b n  |2 rdamedio 
338 |a volumen  |b nc  |2 rdasoporte 
440 1 |a (Teoría/Editorial Siglo XXI) 
500 |a Traducción de: Introduzione a Lukács 
649 |a XX 
650 |a Filosofía del Siglo XX 
650 |a Marxismo 
650 |a Marxismo 
910 |a Fondo Armando Suárez Gómez 
920 |a Impresos - Libros 
930 |a Fondos Especiales 
905 |a 111 
901 |a 0700005360  |b IT2  |c ESP  |u 20250521 
902 |a https://opac.biblio.iteso.mx/vufind/Record/000071080